| 000 | 00432nam a2200145Ia 4500 | ||
|---|---|---|---|
| 008 | 230917s9999||||xx |||||||||||||| ||und|| | ||
| 040 |
_e196931 _aMAIN |
||
| 041 | _aEnglish | ||
| 082 | _a891.43301731 SB21T | ||
| 100 | _aबलजीत, सैली | ||
| 245 | 0 | _aटप्परवास | |
| 260 |
_aनई दिल्ली _bके के पब्लिकेशन्स _c2011 |
||
| 300 | _a120 पृ. p. | ||
| 942 | _cHN | ||
| 999 |
_c169199 _d169199 |
||